Najgęściej zaludnione województwa - Statystyki

Ogólne statystyki
  • Ten quiz został rozwiązany 87 razy
  • Średni wynik to 5 z 6
Statystyki odpowiedzi
osób/km² Województwo % Poprawnych
367,59 Śląskie
97%
151,96 Mazowieckie
95%
223,98 Małopolskie
89%
127,44 Pomorskie
87%
145,45 Dolnośląskie
83%
135,37 Łódzkie
74%
Nie znaleziono quizów pasujących do podanych kryteriów
Rozkład punktacji
Procent ludzi z każdym wynikiem
Percentyl według liczby udzielonych odpowiedzi
Twoja historia wyników
Nie rozwiązałeś tego quizu